Pričiny i struktura infljacionnogo processa.

Inflačný charakter makroekonomickej štruktúry ZSSR. Nevyhovujúca štruktúra a vysoký stupeň monopolizácie. Prezamestnanosť a nízka produktivita práce. Nedostatočná kontrola peňažnej masy od konca 80. rokov. Inflačný potenciál na trhu výrobných prostriedkov. Inflačné vplyvy barterového obchodu.

Uložené v:
Podrobná bibliografia
Hlavný autor: Lykova, L.
Médium: Kapitola
Jazyk:Russian
Predmet:
Tagy: Pridať tag
Žiadne tagy, Buďte prvý, kto otaguje tento záznam!

MARC

LEADER 00000naa a2200000 4500
001 r009608
005 20221208123322.3
041 0 |a rus 
044 |a [SU] 
245 1 0 |a Pričiny i struktura infljacionnogo processa.  |c L. Lykova 
520 |a Inflačný charakter makroekonomickej štruktúry ZSSR. Nevyhovujúca štruktúra a vysoký stupeň monopolizácie. Prezamestnanosť a nízka produktivita práce. Nedostatočná kontrola peňažnej masy od konca 80. rokov. Inflačný potenciál na trhu výrobných prostriedkov. Inflačné vplyvy barterového obchodu. 
610 2 0 |a inflácia 
610 2 0 |a štruktúra ekonomická 
610 2 0 |a ZSSR 
610 2 0 |a monopoly výrobné 
610 2 0 |a produktivita práce 
610 2 0 |a peniaze 
610 2 0 |a kontrola 
610 2 0 |a trh 
610 2 0 |a prostriedky výrobné 
610 2 0 |a obchod výmenný 
610 2 0 |a 1981-1990 
100 1 |a Lykova, L.